000 00723nam a22002177a 4500
003 LK-CoDNM
005 20241118140031.0
008 241015b |||||||| |||| 00| 0 eng d
040 _aLK-CoDNM
_dLK-CoDNM
_eLK-CoDNM
041 _asin
080 _aප්‍ර.ශ
_b73
245 _aශ්‍රී සද්ධර්‍ම රාජ ශ්‍රී -1928
_b3 කාණ්ඩය 1 කලාපය
260 _aකොළඹ
_c1928
300 _b24p. ; 24 cm
650 _aශ්‍රී සද්ධර්‍ම රාජ ශ්‍රී -1928
650 _a3 කාණ්ඩය 1 කලාපය
650 _aමාසික සගරාව
650 _aප්‍ර.ශ 73
650 _a1928
942 _cBK
999 _c230385
_d230385